00514nam a2200157Ia 4500008004000000082001300040100003000053245003800083260004600121300000800167650001600175690001800191906001100209999001900220952011700239210210b1996 xxu||||| |||| 00| 0 eng d a030 ENCY aENCYCLOPAEDIA BRITANNICA. aBritannica book of the year.1996. aChicago.bEncyclopaedia Britannica,c1996 a928 aYear Book  aEncyclopaedia a054031 c102294d102294 001040738GeneralaALbALcGenerald2021-02-17g0.00l0o030 ENCYp054031r2021-02-17 00:00:00w2021-02-17yBK